Το θέατρο ως μέσο επιβολής και αντίστασης στα χρόνια του ολοκληροτισμού : πτυχιακή εργασία

Αποθηκεύτηκε σε:
Λεπτομέρειες βιβλιογραφικής εγγραφής
Κύριος συγγραφέας: Ταστσόγλου, Μαρία
Συγγραφή απο Οργανισμό/Αρχή: Πανεπιστήμιο Αιγαίου Σχολή Κοινωνικών Επιστημών Τμήμα Κοινωνιολογίας
Άλλοι συγγραφείς: Ζώρας, Κώστας Λ. (Εισηγητής διατριβής)
Μορφή: Thesis Βιβλίο
Γλώσσα:Greek
Δημοσίευση: Μυτιλήνη : Πανεπιστημιο Αιγαίου, Τμήμα Κοινωνιολογίας, 2004
Διαθέσιμο Online:http://hdl.handle.net/11610/7796
Ετικέτες: Προσθήκη ετικέτας
Δεν υπάρχουν, Καταχωρήστε ετικέτα πρώτοι!

MARC

LEADER 00000cam a2200000 i 4500
001 1/84479
008 050831s2004 gre d
035 |l 10080030 
040 |a GR-MY-UA  |b gre  |e aacr 
041 0 |a gre 
100 1 |a Ταστσόγλου, Μαρία. 
245 1 3 |a Το θέατρο ως μέσο επιβολής και αντίστασης στα χρόνια του ολοκληροτισμού :  |b πτυχιακή εργασία /  |c Μαρία Ταστσογλου ; υπεύθυνος καθηγητής Κωνσταντίνος Ζώρας 
260 |a Μυτιλήνη :   |b Πανεπιστημιο Αιγαίου, Τμήμα Κοινωνιολογίας,   |c 2004 
300 |a 128 σ.;  |c 30 εκ. 
502 # # |a Πτυχιακή εργασία – Πανεπιστήμιο Αιγαίου, Λέσβος, 2004. 
504 |a Βιβλιογραφία: 128 
700 1 |4 ths  |a Ζώρας, Κώστας Λ. 
710 2 |a Πανεπιστήμιο Αιγαίου  |b Σχολή Κοινωνικών Επιστημών  |b Τμήμα Κοινωνιολογίας. 
852 |a INST  |b LESVOS  |c DIATR  |e 20050831  |h 87  |p 005100031161  |q 005100031161  |t DIE  |y 23 
852 |a INST  |b LESVOS  |c DIATR  |e 20050831  |h 88  |p 005100031162  |q 005100031162  |t DIE  |y 23 
856 |u http://hdl.handle.net/11610/7796 
901 |a BIBL1-2005-2 
909 |a Λ  |b 115182 
909 |a Λ  |b 115183 
924 |a ΤΑΣΤΣΟΓΛΟΥ  |b ΜΑΡΙΑ  |y ΛΕΣΒΟΣ  |z 2004-10 
970 |a ΜΑΡΙΝΑΤΟΥ  |b ΜΥΡΣΙΝΗ  |z 2005/08/31